|
|
|
|
| LEADER |
02140nam a2200433 i 4500 |
| 001 |
EBC4644376 |
| 003 |
MiAaPQ |
| 005 |
20200520144314.0 |
| 006 |
m o d | |
| 007 |
cr cnu|||||||| |
| 008 |
160903t20162016gw ob 000 0 ger d |
| 020 |
|
|
|z 9783737601603
|
| 020 |
|
|
|a 9783737601610 (e-book)
|
| 035 |
|
|
|a (MiAaPQ)EBC4644376
|
| 035 |
|
|
|a (Au-PeEL)EBL4644376
|
| 035 |
|
|
|a (CaPaEBR)ebr11247668
|
| 035 |
|
|
|a (OCoLC)957128074
|
| 040 |
|
|
|a MiAaPQ
|b eng
|e rda
|e pn
|c MiAaPQ
|d MiAaPQ
|
| 050 |
|
4 |
|a HE151
|b .N348 2016
|
| 082 |
0 |
|
|a 306.4819
|2 23
|
| 245 |
0 |
0 |
|a Nahverkehrs-Tage 2015 :
|b Nahverkehr und Freizeit : Neue Kunden durch innovative Konzepte gewinnen /
|c herausgegeben vom Institut fur Verkehrswesen der Universitat Kassel ; In Kooperation mit Regionalmanagement Nordhessen GmbH.
|
| 250 |
|
|
|a 2. bearbeitete Auflage.
|
| 264 |
|
1 |
|a Kassel, [Germany] :
|b Kassel University Press,
|c 2016.
|
| 264 |
|
4 |
|c 2016
|
| 300 |
|
|
|a 1 online resource (166 pages).
|
| 336 |
|
|
|a text
|2 rdacontent
|
| 337 |
|
|
|a computer
|2 rdamedia
|
| 338 |
|
|
|a online resource
|2 rdacarrier
|
| 490 |
0 |
|
|a Schriftenreihe Verkehr der Universitat Kassel
|
| 504 |
|
|
|a Includes bibliographical references at the end of each chapters.
|
| 588 |
|
|
|a Description based on online resource; title from PDF title page (ebrary, viewed September 1, 2016).
|
| 590 |
|
|
|a Electronic reproduction. Ann Arbor, MI : ProQuest, 2016. Available via World Wide Web. Access may be limited to ProQuest affiliated libraries.
|
| 650 |
|
0 |
|a Transportation
|x Technological innovations.
|
| 655 |
|
4 |
|a Electronic books.
|
| 710 |
2 |
|
|a Institut fur Verkehrswesen der Universitat Kassel,
|e editor.
|
| 710 |
2 |
|
|a Regionalmanagement Nordhessen GmbH,
|e contributor.
|
| 776 |
0 |
8 |
|i Print version:
|t Nahverkehrs-Tage 2015 : Nahverkehr und Freizeit : Neue Kunden durch innovative Konzepte gewinnen.
|b 2. bearbeitete Auflage.
|d Kassel, [Germany] : Kassel University Press, c2016
|h 151 pages
|k Schriftenreihe Verkehr der Universitat Kassel
|z 9783737601603
|
| 797 |
2 |
|
|a ProQuest (Firm)
|
| 856 |
4 |
0 |
|u https://ebookcentral.proquest.com/lib/matrademy/detail.action?docID=4644376
|z Click to View
|